Visualizzazione normale
Vista MARC
- Armstrong Gill
di Personal Name
Records bibliografici associati: 1
001 - CONTROL NUMBER
- control field: 50134
003 - CONTROL NUMBER IDENTIFIER
- control field: IT-RoPau
005 - DATE AND TIME OF LATEST TRANSACTION
- control field: 20151202105218.0
008 - FIXED-LENGTH DATA ELEMENTS
- fixed length control field: 151202|| aca||aabn | a|a d
040 ## - CATALOGING SOURCE
- Original cataloging agency: IT-RoPau
- Transcribing agency: IT-RoPau
100 ## - HEADING--PERSONAL NAME
- Personal name: Armstrong Gill
- Miscellaneous information: Codice regista SPICS: 38697
670 ## - SOURCE DATA FOUND
- Source citation: Work cat.: (IT-RoPau)107048: Armstrong Gill Codice regista SPICS: 38697, MIA BRILLANTE CARRIERA (LA) MIA BRILLANTE CARRIERA (LA) (Rif. Codice opera principale : V0860)